LEADER 01142nam a2200313 i 4500 001 991001836009707536 008 121005s2009 riua b 000 0 eng d 020 $a9780821847565 035 $ab14078454-39ule_inst 040 $aDip.to Matematica e Fisica$beng 082 00$a519.3$222 084 $aAMS 60-02 084 $aAMS 05-02 084 $aAMS 91A46 084 $aLC QA269.B336 100 1 $aBeck, József$0348406 245 10$aInevitable randomness in discrete mathematics /$cJózsef Beck 260 $aProvidence, R. I. :$bAmerican Mathematical Society,$cc2009 300 $axi, 250 p. :$bill. ;$c26 cm 440 0$aUniversity lecture series,$x1047-3998 ;$v49 504 $aIncludes bibliographical references (p. 247-250) 650 0$aGame theory 650 0$aRandom measures 907 $a.b14078454$b02-04-14$c05-10-12 912 $a991001836009707536 945 $aLE013 60-XX BEC21 (2009)$g1$i2013000217840$lle013$op$pE58.00$q-$rl$s- $t0$u0$v0$w0$x0$y.i15456985$z12-11-12 996 $aInevitable randomness in discrete mathematics$9240703 997 $aUNISALENTO 998 $ale013$b05-10-12$cm$da $e-$feng$griu$h0$i0